| 000 | 00729nam a2200217 a 4500 | ||
|---|---|---|---|
| 001 | 13371 | ||
| 003 | BD-JhCC | ||
| 005 | 20230910115038.0 | ||
| 008 | 230910s2018 bg |||| |||| 000 0 ben d | ||
| 020 | _a9789849340528 | ||
| 035 | _a(BD-JhCC)13371 | ||
| 040 |
_aBD-JhCC _dBD-JhCC |
||
| 041 | _aben | ||
| 082 |
_a925 _bARK 2018 |
||
| 245 |
_aআর্কিমিডিস থেকে আইনস্টাইন / _cসম্পাদনায় আশরাফুল ইসলাম |
||
| 260 |
_aঢাকা : _bগ্রন্থরাজ্য, _c২০১৮। |
||
| 300 |
_a১০৮ পৃ. : _c২২ সেমি. |
||
| 650 | _aScientiest | ||
| 700 | _aইসলাম, আশরাফুল | ||
| 942 |
_2ddc _cBK |
||
| 999 |
_c13371 _d13371 |
||